00582cam a2200193 a 450000100100000000500170001000800410002704000290006808200180009710000220011524500700013726000330020730000210024049000300026165000220029165000260031370000190033983000300035800001744320200929165119.0740329s1962 sp 000 0 spa d aDO-SdBNPbspacLCdBNPHU a863.64bA456c1 aAlperi, Víctor.10aCristo habló en la montaña /cVíctor Alperi y Juan Mollá. aBarcelona :bDestino,c1962. a223 p. ;c19 cm.1 aÁncora y Delfín,v229 4aNovela española 4aLiteratura española1 aMollá, Juan. 0aÁncora y Delfín,v229